00384cam a2200145ua 4500020000900000041001000009082001600019100002900035245009200064250001200156260004400168300001200212365000900224504000500233 c8.00 aengh a636bSUB/HA aSubbiah, Mudaliar. V.T. aHand book of animal husbandry and dairying / cV.T.Subbiah mudaliar.hTextual Documents a1 / b. aChennai : bCentral art press , c1960. a203 ; . a8.00 a